000 00479nam a22001937a 4500
003 CEME
005 20210628202729.0
008 210118b xxu||||| |||| 00| 0 eng d
020 _a0-02-804847-4
040 _cceme
082 _a621.3 FOW
100 _aFowler, Richard .J
_959731
245 _aElectricity, principles and applicaitons
250 _a5TH
260 _aNEW YORK
_bMCGRAW HILL
_c1999
300 _aX,390 P
650 _aELECTRICITY
_939895
942 _cBK
_2ddc
999 _c570796
_d570796